| 000 | 00658cab a2200229 4500 | ||
|---|---|---|---|
| 001 | ABS58614 | ||
| 008 | 090401t1998 xxu||||| |||| 00| 0 eng d | ||
| 035 | _a(Sirsi) u85446 | ||
| 041 | _aeng | ||
| 245 | _aCommission underpins Brussels office market | ||
| 260 | _c1998 | ||
| 350 | _a0 | ||
| 490 |
_aEuroProperty _vMarch 1998, 34-35(2) |
||
| 520 | _aOverview of Brussels office market. Looking at demand and vacancy levels. Map. | ||
| 650 | _aBELGIUM | ||
| 650 | _aBRUSSELS | ||
| 650 | _aDEMAND | ||
| 650 | _aPROPERTY-COMMERCIAL PROPERTY-OFFICE PROPERTY-OFFICE PROPERTY MARKET | ||
| 690 | _aOVERSEAS-EUROPE | ||
| 942 | _n0 | ||
| 948 | _c06/04/1998 | ||
| 999 |
_c53732 _d53732 |
||